[Event "jhw world CC Championship"]
[Site "SchemingMind.com"]
[Date "2007.07.06"]
[Round "-"]
[White "WannaBe"]
[Black "jhw"]
[Result "0-1"]
[WhiteCountry "USA"]
[BlackCountry "RSA"]
[WhiteElo "1442"]
[WhiteRD "76"]
[BlackElo "1616"]
[BlackRD "112"]
[GameID "111916"]

1. e4 e5 2. Nf3 Nc6 3. d4 exd4 4. Nxd4 Bc5 5. Be3 Qf6 6. Nb5 Bxe3 7. fxe3 Qh4+ 8. g3 Qxe4 9. Nxc7+ Kd8 10. Nxa8 Qxh1
11. Qd6 Nf6 12. Nd2 Ne4 13. Qc7+ Ke7 14. O-O-O Nxd2 15. Bb5 Qxh2 16. Rxd2 Qg1+ 17. Rd1 Qxe3+ 18. Rd2 Qe5 19. Re2 Kf6 20. Rxe5 Nxe5
21. Qc3 a6 22. Nb6 axb5 23. Nxc8 h5 24. Nd6 h4 25. Nxb5 h3 26. Qe1 h2 27. Qf2+ Kg6 28. Qb6+ Nc6
0-1

[Event "jhw world CC Championship"]
[Site "SchemingMind.com"]
[Date "2007.07.06"]
[Round "-"]
[White "jhw"]
[Black "WannaBe"]
[Result "1-0"]
[WhiteCountry "RSA"]
[BlackCountry "USA"]
[WhiteElo "1635"]
[WhiteRD "88"]
[BlackElo "1452"]
[BlackRD "76"]
[GameID "111917"]

1. Nf3 Nf6 2. c4 g6 3. d4 Bg7 4. g3 O-O 5. Bg2 d5 6. O-O Nc6 7. Na3 a6 8. cxd5 Nb4 9. Bg5 Nbxd5 10. Bxf6 Bxf6
11. e4 Nb6 12. e5 Bg7 13. Qb3 Be6 14. Qc2 f6 15. Nd2 Bd5 16. Bxd5+ Nxd5 17. Rae1 Nb4 18. Qb3+ Nd5 19. Qxb7 Rb8 20. Qxa6 Rxb2
21. Nac4 fxe5 22. Qa3 Rb8 23. Nxe5 Re8 24. Nc6 Ra8 25. Qb3 Qd6 26. Nxe7+ Rxe7 27. Rxe7 Qxe7 28. Qxd5+
1-0

[Event "jhw world CC Championship"]
[Site "SchemingMind.com"]
[Date "2007.07.07"]
[Round "-"]
[White "Archon"]
[Black "WannaBe"]
[Result "1-0"]
[WhiteCountry "CAN"]
[BlackCountry "USA"]
[WhiteElo "1706"]
[WhiteRD "57"]
[BlackElo "1442"]
[BlackRD "76"]
[GameID "112001"]

1. e4 c5 2. Nf3 d6 3. d4 cxd4 4. Nxd4 Nf6 5. Nc3 a6 6. Bc4 e6 7. Bb3 b5 8. O-O Be7 9. Qf3 Qb6 10. Be3 Nc6
11. Nxe6 Qb7 12. Nxg7+ Kd8 13. Nf5 Bxf5 14. Qxf5
1-0

[Event "jhw world CC Championship"]
[Site "SchemingMind.com"]
[Date "2007.07.07"]
[Round "-"]
[White "Archon"]
[Black "jhw"]
[Result "1-0"]
[WhiteCountry "CAN"]
[BlackCountry "RSA"]
[WhiteElo "1707"]
[WhiteRD "52"]
[BlackElo "1535"]
[BlackRD "69"]
[GameID "112002"]

1. e4 c5 2. Nf3 Nc6 3. d4 cxd4 4. Nxd4 Nf6 5. Nc3 e5 6. Ndb5 d6 7. Bg5 a6 8. Na3 b5 9. Nd5 Be7 10. Bxf6 Bxf6
11. c3 O-O 12. Nc2 Bg5 13. Be2 Rb8 14. O-O a5 15. Nce3 Be6 16. Qd3 Bxe3 17. fxe3 Bxd5 18. exd5 Ne7 19. e4 Ng6 20. g3 Qb6+
21. Kh1 f6= 22. Bg4 Qc5 23. Be6+ Kh8 24. Qf3 Rfe8 25. Bf7 Re7 26. Bxg6 hxg6 27. Qg4 g5 28. h4 gxh4 29. Qxh4+ Kg8 30. Rf5 Ree8
31. Rh5 Qf2 32. Rg1 Qxb2 33. Rh8+ Kf7 34. Qh5+ Ke7 35. Rh7 Rg8 36. Qg6 Qf2 37. Rxg7+ Rxg7 38. Qxg7+ Kd8 39. Qf8+ Kc7 40. Qe7+ Kc8
41. Qe8+ Kc7 42. Qc6+ Kd8 43. Qxd6+
1-0

[Event "jhw world CC Championship"]
[Site "SchemingMind.com"]
[Date "2007.07.07"]
[Round "-"]
[White "WannaBe"]
[Black "Archon"]
[Result "0-1"]
[WhiteCountry "USA"]
[BlackCountry "CAN"]
[WhiteElo "1442"]
[WhiteRD "76"]
[BlackElo "1706"]
[BlackRD "57"]
[GameID "112003"]

1. e4 d6 2. d4 Nf6 3. Nc3 g6 4. Nf3 Bg7 5. Be3 O-O 6. Qd2 a6 7. Bd3 b5 8. Bh6 Nc6 9. Bxg7 Kxg7 10. O-O Bg4
11. Qe3 Bxf3 12. Qxf3 Nxd4 13. Qd1 c5 14. f4 Qb6 15. Nd5 Nxd5 16. exd5 c4
0-1

[Event "jhw world CC Championship"]
[Site "SchemingMind.com"]
[Date "2007.07.07"]
[Round "-"]
[White "jhw"]
[Black "Archon"]
[Result "1/2-1/2"]
[WhiteCountry "RSA"]
[BlackCountry "CAN"]
[WhiteElo "1535"]
[WhiteRD "69"]
[BlackElo "1707"]
[BlackRD "52"]
[GameID "112004"]

1. Nf3 g6 2. d4 d6 3. e4 Nf6 4. Nc3 Bg7 5. Be2 O-O 6. O-O Nc6 7. d5 Nb8 8. a4 e5 9. a5 a6 10. Nd2 Nbd7
11. Nc4 Ne8 12. b4 f5 13. Ra3 Nef6 14. Bg5 h6 15. Bxf6 Nxf6 16. f3 f4 17. g4 fxg3 18. hxg3 Nh5 19. Kf2 Nxg3 20. Kxg3 Qg5+
21. Kf2 Qh4+ 22. Ke3 Qf4+ 23. Kd3 Bd7 24. Qd2 Qh2 25. Raa1 Qh4 26. Rh1 Qf2 27. Qe3 Qxe3+ 28. Kxe3 h5 29. Rhg1 Bh6+ 30. Kd3 Kh7
31. Rg2 Rf4 32. Rag1 Be8 33. Nd1 Bf7 34. Nf2 Rh4 35. Rh1 Rxh1 36. Nxh1 Rf8 37. c3 Be8 38. Kc2 Rf4 39. Nf2 Rf8 40. Nh3 Bd7
41. Ng5+ Kg7 42. Nd2 Rf6 43. Nf1=
1/2-1/2

[Event "jhw world CC Championship"]
[Site "SchemingMind.com"]
[Date "2007.07.08"]
[Round "-"]
[White "drunkenmaster"]
[Black "WannaBe"]
[Result "1-0"]
[WhiteCountry "PHI"]
[BlackCountry "USA"]
[WhiteElo "1839"]
[WhiteRD "93"]
[BlackElo "1442"]
[BlackRD "76"]
[GameID "112111"]

1. e4 c5 2. f4 e6 3. Nf3 Nc6 4. Bb5 Nge7 5. O-O a6 6. Bxc6 Nxc6 7. Nc3 d5 8. exd5 exd5 9. Re1+ Be7 10. Ne5 Nxe5
11. Rxe5 Be6 12. f5 d4 13. fxe6 dxc3 14. exf7+ Kxf7 15. Qf3+ Ke8 16. dxc3 Qc7 17. Qe4 Rf8 18. Bg5 Rf7 19. Re1
1-0

[Event "jhw world CC Championship"]
[Site "SchemingMind.com"]
[Date "2007.07.08"]
[Round "-"]
[White "drunkenmaster"]
[Black "Archon"]
[Result "1-0"]
[WhiteCountry "PHI"]
[BlackCountry "CAN"]
[WhiteElo "1889"]
[WhiteRD "83"]
[BlackElo "1711"]
[BlackRD "52"]
[GameID "112112"]

1. e4 d6 2. d4 Nf6 3. Nc3 g6 4. Be3 c6 5. Qd2 Bg7 6. O-O-O b5 7. f3 Nbd7 8. e5 dxe5 9. dxe5 b4 10. exf6 bxc3
11. Qxc3 Bxf6 12. Bd4 Qc7 13. Bxf6 Nxf6 14. Bc4 O-O 15. Ne2 a5 16. h4 Ba6 17. g4 Bxc4 18. Qxc4 Rfb8 19. h5 Rb4 20. Qc3 Qb7
21. h6 Rb8 22. b3 a4 23. g5 Ne8 24. Rd4 axb3 25. axb3 c5 26. Rxb4 cxb4 27. Qe5 Ra8 28. Rd1 Qxf3 29. Qxe7 Ra1+ 30. Kb2 Ra8
31. Rd3 Qh1 32. Nc1 Qc6 33. Qxb4 Qa6 34. c3 Qa1+ 35. Kc2 Ra2+ 36. Nxa2 Qxa2+ 37. Kd1 Qb1+ 38. Ke2 Qg1 39. Qe4 Qh2+ 40. Kd1 Qg1+
41. Kc2 Qf2+ 42. Rd2 Qf5 43. Qxf5 gxf5 44. Rd8 Kf8 45. Kd3 Ke7 46. Rxe8+
1-0

[Event "jhw world CC Championship"]
[Site "SchemingMind.com"]
[Date "2007.07.08"]
[Round "-"]
[White "drunkenmaster"]
[Black "jhw"]
[Result "1-0"]
[WhiteCountry "PHI"]
[BlackCountry "RSA"]
[WhiteElo "1889"]
[WhiteRD "83"]
[BlackElo "1635"]
[BlackRD "88"]
[GameID "112113"]

1. e4 c6 2. d4 d5 3. Nd2 dxe4 4. Nxe4 Bf5 5. Ng3 Bg6 6. h4 h6 7. Nf3 Nf6 8. Ne5 Bh7 9. Bc4 e6 10. Qe2 Nd5
11. Bb3 Nd7 12. Bd2 Nxe5 13. dxe5 a5 14. a4 Qb6 15. O-O O-O-O 16. Rfd1 Bb4 17. Ne4 Bxe4 18. Qxe4 Bxd2 19. Rxd2 Qb4 20. Rd4 Qb6
21. Rad1 Rhe8 22. g3 f5 23. exf6 gxf6 24. Qf3 Rf8 25. Qg4 c5 26. Rxd5
1-0

[Event "jhw world CC Championship"]
[Site "SchemingMind.com"]
[Date "2007.07.11"]
[Round "-"]
[White "WannaBe"]
[Black "drunkenmaster"]
[Result "0-1"]
[WhiteCountry "USA"]
[BlackCountry "PHI"]
[WhiteElo "1442"]
[WhiteRD "76"]
[BlackElo "1839"]
[BlackRD "93"]
[GameID "112114"]

1. e4 c5 2. Nf3 a6 3. c3 e6 4. d4 d5 5. exd5 Qxd5 6. Be3 cxd4 7. Qxd4 Qxd4 8. Bxd4 Nc6 9. Bd3 Nxd4 10. Nxd4 Bd7
11. O-O O-O-O 12. Nd2 Bc5 13. N2f3 Ne7 14. b4 Bb6 15. a4 f6 16. Rfb1 e5 17. Nc2 Bxa4 18. Rxa4 Rxd3 19. g3 Rxf3
0-1

[Event "jhw world CC Championship"]
[Site "SchemingMind.com"]
[Date "2007.07.11"]
[Round "-"]
[White "Archon"]
[Black "drunkenmaster"]
[Result "1/2-1/2"]
[WhiteCountry "CAN"]
[BlackCountry "PHI"]
[WhiteElo "1711"]
[WhiteRD "52"]
[BlackElo "1889"]
[BlackRD "83"]
[GameID "112115"]

1. e4 e5 2. Nf3 Nc6 3. Bb5 Nf6 4. O-O d6 5. d4 Bd7 6. Nc3 Be7 7. Re1 exd4 8. Nxd4 O-O 9. Bg5 Re8 10. Qd2 Nxd4
11. Qxd4 Bxb5 12. Nxb5 a6 13. Nc3 Nd7 14. Bxe7 Rxe7 15. Nd5 Re6 16. Rad1 Nf6 17. Nxf6+ Rxf6 18. e5 Re6 19. exd6 Rxd6 20. Qg4 Rxd1
21. Rxd1 Qe7 22. Qd7 Qxd7 23. Rxd7 Rc8 24. Kf1 Kf8 25. Ke2 Ke8 26. Rd3 Rd8 27. Rb3 b6 28. Ra3 a5 29. Rc3 Kd7 30. Rf3 Re8+
31. Kd2 Re7 32. Rg3 g6 33. Rh3 h5 34. Rd3+=
1/2-1/2

[Event "jhw world CC Championship"]
[Site "SchemingMind.com"]
[Date "2007.07.11"]
[Round "-"]
[White "jhw"]
[Black "drunkenmaster"]
[Result "0-1"]
[WhiteCountry "RSA"]
[BlackCountry "PHI"]
[WhiteElo "1439"]
[WhiteRD "63"]
[BlackElo "1876"]
[BlackRD "84"]
[GameID "112116"]

1. Nf3 Nf6 2. c4 d6 3. d4 Bg4 4. Nc3 c6 5. e4 Nbd7 6. Be2 e5 7. O-O Qc7 8. Be3 Be7 9. d5 O-O 10. Nd2 Bxe2
11. Qxe2 c5 12. Nb5 Qd8 13. f4 a6 14. Nc3 exf4 15. Bxf4 Ne8 16. Rf3 Bg5 17. Bxg5 Qxg5 18. Rg3 Qe7 19. Rf1 Nef6 20. Nb3 Ne5
21. Qf2 Kh8 22. Nd2 Rae8 23. a3 a5 24. Re1 b6 25. Nb5 Rd8 26. Rc1= Rfe8 27. Qf5 Ng6 28. Nc3 Qe5 29. Qxe5 Nxe5 30. Na2 Ned7
31. Nc3 Re7 32. Rf1 Ne5 33. a4= h6 34. b3 Ng6 35. Nb5 Kg8 36. Nc3 Kh8 37. Nb5 Nf8 38. Nc3 N8h7 39. Nb5 Ng5 40. Nc3 Kg8
41. Re1 Rde8 42. Rge3 Ng4 43. Rg3 Nf6 44. Rge3 Ng4 45. Rg3 Ne5 46. Nb5 Rd8 47. Nc3 f5 48. Rf1 fxe4 49. Ndxe4 Nxe4 50. Nxe4 Kh7
51. Kh1 Nxc4
0-1

[Event "jhw world CC Championship"]
[Site "SchemingMind.com"]
[Date "2007.07.09"]
[Round "-"]
[White "kwabena"]
[Black "WannaBe"]
[Result "1-0"]
[WhiteCountry "ENG"]
[BlackCountry "USA"]
[WhiteElo "1553"]
[WhiteRD "80"]
[BlackElo "1442"]
[BlackRD "76"]
[GameID "112255"]

1. d4 Nf6 2. Bf4 g6 3. e3 Bg7 4. h3 d6 5. Nf3 O-O 6. c4 Re8 7. Nc3 Nbd7 8. Be2 e5 9. Bh2 Nb6 10. b4 exd4
11. Nxd4 c5 12. bxc5 dxc5 13. Nb3 Qxd1+ 14. Rxd1 Be6 15. Nxc5 Bxc4 16. Nxb7 Bxe2 17. Kxe2 Re7 18. Na5 Rae8 19. Rd3 Rd7 20. Rxd7 Nfxd7
21. Nb5 Re4 22. Nc6 Ra4 23. a3 Nc4 24. Rd1 Nc5 25. Rd8+ Bf8 26. Nd6 Nxd6 27. Bxd6 Ne6 28. Ra8 Rxa3 29. Bxa3
1-0

[Event "jhw world CC Championship"]
[Site "SchemingMind.com"]
[Date "2007.07.10"]
[Round "-"]
[White "kwabena"]
[Black "Archon"]
[Result "0-1"]
[WhiteCountry "ENG"]
[BlackCountry "CAN"]
[WhiteElo "1576"]
[WhiteRD "79"]
[BlackElo "1711"]
[BlackRD "52"]
[GameID "112256"]

1. d4 d5 2. Bf4 c6 3. e3 Qb6 4. Qc1 Bf5 5. c4 e6 6. Nc3 Nd7 7. a3 Ngf6 8. h3 Be7 9. Nf3 O-O 10. cxd5 exd5
11. b4 Qd8 12. Qd2 a6 13. Bd3 Bxd3 14. Qxd3 Nb6 15. O-O Nc4 16. Na4 b5 17. Nc5 Nh5 18. Bh2 Bd6 19. Bxd6 Qxd6 20. Qf5 Nf6
21. Ra2 Ra7 22. Nd3 Nd7 23. Rc1 f6 24. Nc5 Nxc5 25. bxc5 Qd7 26. Qxd7 Rxd7 27. a4 f5 28. axb5 axb5 29. Rca1 Rc8 30. Nh4 g6
31. Nf3 Rb7 32. g4 fxg4 33. hxg4 Kg7 34. Ra7 Rcc7 35. Rxb7 Rxb7 36. Ng5 b4 37. Ra6 b3 38. Ne6+ Kh6 39. Rxc6 b2 40. Nf4 b1=Q+
41. Kg2 Qe4+ 42. Kg3 Nd2 43. Rd6 Qf3+ 44. Kh2 Qxf2+ 45. Ng2 Nf3+ 46. Kh3 Rb1
0-1

[Event "jhw world CC Championship"]
[Site "SchemingMind.com"]
[Date "2007.07.11"]
[Round "-"]
[White "kwabena"]
[Black "drunkenmaster"]
[Result "0-1"]
[WhiteCountry "ENG"]
[BlackCountry "PHI"]
[WhiteElo "1553"]
[WhiteRD "80"]
[BlackElo "1839"]
[BlackRD "93"]
[GameID "112257"]

1. d4 Nf6 2. Bf4 d6 3. e3 c6 4. h3 Qb6 5. Qc1 Bf5 6. a3 Nbd7 7. b4 a5 8. bxa5 Rxa5 9. c4 e5 10. dxe5 dxe5
11. Bg3 Ne4 12. Bh2 Bb4+ 13. axb4 Rxa1 14. Qb2 Rxb1+ 15. Qxb1 Ng3 16. c5 Bxb1 17. cxb6 Nxh1 18. Nf3 f6 19. Bc4 Nxb6 20. Bb3 Bd3
21. Nd2 Ke7 22. f4 exf4 23. Bxf4 Ra8 24. Nf3 Ra1+ 25. Kd2 Be4 26. Ke2 Nd5 27. Bxd5 Bxd5 28. g4 Ra2+ 29. Nd2 Nf2
0-1

[Event "jhw world CC Championship"]
[Site "SchemingMind.com"]
[Date "2007.07.09"]
[Round "-"]
[White "kwabena"]
[Black "jhw"]
[Result "0-1"]
[WhiteCountry "ENG"]
[BlackCountry "RSA"]
[WhiteElo "1553"]
[WhiteRD "80"]
[BlackElo "1616"]
[BlackRD "112"]
[GameID "112258"]

1. d4 Nf6 2. Bf4 g6 3. e3 Bg7 4. h3 O-O 5. Nf3 c5 6. c3 b6 7. a3 Bb7 8. b4 Nc6 9. bxc5 bxc5 10. dxc5 Ne4
11. Qb3 Nxc5 12. Qc2 e5 13. Bg3 e4 14. Nfd2 d5 15. c4 Bxa1 16. cxd5 Qxd5 17. Bc4 Qf5 18. Bd6 Nd3+ 19. Bxd3 exd3 20. Qb3 Ba6
21. Bxf8 Rxf8 22. O-O Rb8 23. Qa4 Bb5 24. Qh4 Bf6 25. Qg3 Qe5 26. Qf3 Ne7 27. Ne4 d2 28. Rd1 Ba4 29. Rf1 d1=Q 30. Rxd1 Bxd1
31. Nxf6+ Kh8 32. Qxd1 Qxf6 33. g3 Qb2 34. Nd2 Rd8
0-1

[Event "jhw world CC Championship"]
[Site "SchemingMind.com"]
[Date "2007.07.09"]
[Round "-"]
[White "WannaBe"]
[Black "kwabena"]
[Result "1-0"]
[WhiteCountry "USA"]
[BlackCountry "ENG"]
[WhiteElo "1442"]
[WhiteRD "76"]
[BlackElo "1553"]
[BlackRD "80"]
[GameID "112259"]

1. e4 d5 2. exd5 Qxd5 3. Nc3 Qe5+ 4. Be2 Bg4 5. d4 Bxe2 6. Ngxe2 Qd6 7. O-O e6 8. Bf4 Qd8 9. d5 exd5 10. Qxd5 Qxd5
11. Nxd5 Na6 12. Nxc7+ Nxc7 13. Bxc7 Rc8 14. Be5 Rxc2 15. Rfe1 f6 16. Bc3 Rxc3 17. bxc3 Bd6 18. Nd4+ Ne7 19. Nf5 Be5 20. Nxg7+ Kf7
21. Nh5 Bxc3 22. Rxe7+ Kxe7 23. Rc1 Be5 24. Ng3 b5 25. Nf5+ Ke6 26. Ne3 h5 27. g3 h4 28. Rc6+ Kd7 29. Ra6 Bd4 30. Kg2 hxg3
31. hxg3 Ra8 32. Nd5 Rf8 33. f4 Kc8 34. Ra5 b4 35. Nxb4 Bc3 36. Rc5+ Kb7 37. Rxc3 Kb6 38. Nd5+ Kb5 39. a3 f5 40. Kf3 Rd8
41. Ne7 Rf8 42. Nxf5 Rxf5 43. g4 Rd5 44. g5 a5 45. Ke4 Rd7 46. f5 Re7+ 47. Kf4
1-0

[Event "jhw world CC Championship"]
[Site "SchemingMind.com"]
[Date "2007.07.10"]
[Round "-"]
[White "Archon"]
[Black "kwabena"]
[Result "1/2-1/2"]
[WhiteCountry "CAN"]
[BlackCountry "ENG"]
[WhiteElo "1711"]
[WhiteRD "52"]
[BlackElo "1576"]
[BlackRD "79"]
[GameID "112260"]

1. e4 d5 2. exd5 Qxd5 3. Nc3 Qa5 4. d4 e6 5. Nf3 c5 6. d5 Nf6 7. dxe6 Bxe6 8. Be2 Be7 9. Bd2 Qc7 10. O-O O-O
11. Be3 b6 12. Qc1 Rd8 13. Rd1 Nc6 14. Bf4 Qb7 15. Qe3 Nb4 16. Bd3 c4 17. a3 cxd3 18. axb4 dxc2 19. Rdc1 Bf5 20. b5 Rac8
21. Ne1 Bb4 22. Nxc2 Bxc3 23. bxc3 Nd5 24. Qf3 Qd7 25. Nd4 Bg4 26. Qg3 Nxc3 27. Rxc3 Rxc3 28. Qxc3 Qxd4 29. Qxd4 Rxd4 30. Bb8 Rb4
31. Bxa7 h6 32. Bxb6 Rxb5 33. Be3= Be6 34. h3 g5 35. Bd4 h5 36. Ra8+ Kh7 37. Rh8+ Kg6 38. Rg8+ Kh6 39. Rh8+=
1/2-1/2

[Event "jhw world CC Championship"]
[Site "SchemingMind.com"]
[Date "2007.07.11"]
[Round "-"]
[White "drunkenmaster"]
[Black "kwabena"]
[Result "1-0"]
[WhiteCountry "PHI"]
[BlackCountry "ENG"]
[WhiteElo "1839"]
[WhiteRD "93"]
[BlackElo "1553"]
[BlackRD "80"]
[GameID "112261"]

1. e4 d5 2. exd5 Nf6 3. c4 b5 4. cxb5 Qxd5 5. Nc3 Qb7 6. Qf3 Qxf3 7. Nxf3 e6 8. g3 Bb4 9. Bg2 Bb7 10. O-O O-O
11. a3 Be7 12. d4 Nbd7 13. Bf4 Rac8 14. Rac1 Bd6 15. Ne5 Bxg2 16. Kxg2 Bxe5 17. Bxe5 Ng4 18. Bf4 c5 19. dxc5 Rxc5 20. Bd6 Rfc8
21. Bxc5 Rxc5 22. Rfd1 Ngf6 23. a4 h6 24. Rd4 Nb6 25. a5 Nbd5 26. Nxd5 Rxc1 27. Nxf6+ gxf6 28. b6 axb6 29. Rd8+ Kg7 30. axb6 Rb1
31. b7 Rxb2 32. b8=Q Rxb8 33. Rxb8 f5 34. f4 Kf6 35. Kf3 Ke7 36. Rh8
1-0

[Event "jhw world CC Championship"]
[Site "SchemingMind.com"]
[Date "2007.07.09"]
[Round "-"]
[White "jhw"]
[Black "kwabena"]
[Result "0-1"]
[WhiteCountry "RSA"]
[BlackCountry "ENG"]
[WhiteElo "1616"]
[WhiteRD "112"]
[BlackElo "1553"]
[BlackRD "80"]
[GameID "112262"]

1. Nf3 d5 2. c4 c6 3. d4 Bf5 4. Nc3 e6 5. Qb3 Qc7 6. g3 a6 7. Bf4 Qc8 8. Nh4 Ne7 9. Nxf5 Nxf5 10. e3 b5
11. cxb5 cxb5 12. Bxb5+ axb5 13. Nxb5 Na6 14. O-O Qd7 15. Rac1 Bd6 16. g4 Bxf4 17. gxf5 Bg5 18. fxe6 fxe6 19. Qa4 O-O 20. f4 Be7
21. Nc3 Qxa4 22. Nxa4 Nb4 23. b3 Nxa2 24. Rc7 Rfe8 25. Rc6 Bf6 26. Nc5 Nb4 27. Rxe6 Rxe6 28. Nxe6 Re8 29. Nc5 Rxe3
0-1

[Event "jhw world CC Championship"]
[Site "SchemingMind.com"]
[Date "2007.07.09"]
[Round "-"]
[White "GLADI8R"]
[Black "WannaBe"]
[Result "1-0"]
[WhiteCountry "USA"]
[BlackCountry "USA"]
[WhiteElo "1444"]
[WhiteRD "109"]
[BlackElo "1442"]
[BlackRD "76"]
[GameID "112312"]

1. d4 Nf6 2. c4 g6 3. Nc3 Bg7 4. Nf3 O-O 5. g3 Re8 6. Bg2 d6 7. O-O Nbd7 8. h3 e5 9. e4 exd4 10. Nxd4 Nc5
11. Re1 Rb8 12. b4 Ncd7 13. Bb2 b6 14. Nc6
1-0

[Event "jhw world CC Championship"]
[Site "SchemingMind.com"]
[Date "2007.07.10"]
[Round "-"]
[White "GLADI8R"]
[Black "Archon"]
[Result "1/2-1/2"]
[WhiteCountry "USA"]
[BlackCountry "CAN"]
[WhiteElo "1444"]
[WhiteRD "109"]
[BlackElo "1706"]
[BlackRD "57"]
[GameID "112313"]

1. d4 d5 2. c4 dxc4 3. e4 e5 4. Nf3 Bb4+ 5. Bd2 Bxd2+ 6. Qxd2 exd4 7. Nxd4 Nf6 8. Nc3 O-O 9. Bxc4 Bd7 10. O-O Nc6
11. f4 Nxd4 12. Qxd4 Bc6 13. Qxd8 Raxd8 14. e5 Nd5 15. Nxd5 Bxd5 16. Bxd5 Rxd5 17. Rac1 c6 18. Rfd1 Rfd8 19. Rxd5 Rxd5 20. Rc2 Kf8
21. Kf2 Ke7 22. Ke3 Ke6 23. Ke4 f6 24. exf6 Kxf6 25. g4 g6 26. h4 h6 27. g5+= hxg5 28. hxg5+ Ke6 29. Rh2 Rb5 30. a3 Rb3
31. Re2 Rb5 32. Rd2 Rc5 33. Rd8 Rc2 34. Rf8 Re2+ 35. Kd4 Ke7 36. Rf6 Re6 37. Rxe6+ Kxe6 38. Ke4 a5 39. b4 axb4 40. axb4 b6
41. Kd3 Kf5 42. Ke3 c5 43. b5 c4 44. Kd4 Kxf4 45. Kxc4 Kxg5 46. Kd5=
1/2-1/2

[Event "jhw world CC Championship"]
[Site "SchemingMind.com"]
[Date "2007.07.11"]
[Round "-"]
[White "GLADI8R"]
[Black "drunkenmaster"]
[Result "0-1"]
[WhiteCountry "USA"]
[BlackCountry "PHI"]
[WhiteElo "1426"]
[WhiteRD "97"]
[BlackElo "1889"]
[BlackRD "83"]
[GameID "112314"]

1. e4 c5 2. Nf3 a6 3. a4 Nc6 4. d4 cxd4 5. Nxd4 Nf6 6. Nc3 d6 7. Bg5 e6 8. Bc4 Be7 9. O-O Bd7 10. Nb3 O-O
11. f4 Qc7 12. Qf3 Nb4 13. Bd3 Bc6 14. Qg3 Nh5 15. Qg4 Bxg5 16. Qxg5 g6 17. g4 f6 18. Qh6 Qg7 19. Qxg7+ Nxg7 20. Nd4 Kf7
21. Nxc6 bxc6 22. Rad1 Ke7 23. f5 e5 24. Bc4 Nxc2 25. Rf3 gxf5 26. gxf5 d5 27. Bb3 Nd4 28. Nxd5+ cxd5 29. Rc3 Ne2+ 30. Kh1 Nxc3
31. bxc3 dxe4 32. Re1 Nxf5 33. Rxe4 Rab8 34. Ba2 Rb2 35. Bd5 Rd8 36. c4 h5 37. Kg1 Rb4 38. Re1 Rxa4 39. Rf1 Ne3 40. Re1 Nxd5
41. cxd5 Rxd5 42. Rc1 Ra2 43. Rc7+ Kd6 44. Rf7 Rd1#
0-1

[Event "jhw world CC Championship"]
[Site "SchemingMind.com"]
[Date "2007.07.09"]
[Round "-"]
[White "GLADI8R"]
[Black "kwabena"]
[Result "1-0"]
[WhiteCountry "USA"]
[BlackCountry "ENG"]
[WhiteElo "1444"]
[WhiteRD "109"]
[BlackElo "1553"]
[BlackRD "80"]
[GameID "112315"]

1. d4 d5 2. c4 c6 3. Nf3 dxc4 4. a4 a6 5. a5 b5 6. axb6 Qxb6 7. e4 Be6 8. Qc2 Nf6 9. Na3 Bg4 10. Nxc4 Qa7
11. Ncd2 e6 12. Bd3 Bb4 13. Ne5 Bh5 14. Nxc6 Bxd2+ 15. Bxd2 Qb6 16. Nxb8 Rxb8 17. Bc3 O-O 18. O-O Rfc8 19. Rxa6 Qb7 20. Raa1 Bg6
21. Ba6 Rxc3 22. bxc3 Qxe4 23. Qxe4 Nxe4 24. c4 Nd2 25. Rfd1 Nb3 26. Ra3 Bc2 27. Re1 Nxd4 28. h3 g6 29. c5 Ra8 30. Rea1 Rd8
31. Rc1 Be4 32. Rac3 Ne2+ 33. Bxe2 Kf8 34. c6 Ke7 35. c7 Rc8 36. Ba6
1-0

[Event "jhw world CC Championship"]
[Site "SchemingMind.com"]
[Date "2007.07.09"]
[Round "-"]
[White "GLADI8R"]
[Black "jhw"]
[Result "0-1"]
[WhiteCountry "USA"]
[BlackCountry "RSA"]
[WhiteElo "1444"]
[WhiteRD "109"]
[BlackElo "1616"]
[BlackRD "112"]
[GameID "112316"]

1. e4 e5 2. Nf3 Nc6 3. Bc4 Nd4 4. Nc3 Nxf3+ 5. Qxf3 Qf6 6. Qe2 Bc5 7. O-O Ne7 8. d3 O-O 9. Be3 Bb6 10. f4 exf4
11. Rxf4 Qxf4 12. Bxb6 axb6 13. Rf1 Qd6 14. Rf3 Qd4+ 15. Kh1 d6 16. Rh3 Bxh3 17. gxh3 Ng6 18. Qg4 Ne5 19. Qh4 Nxc4 20. dxc4 Qxc4
21. Qg3 Qf1+ 22. Qg1 Qxg1+ 23. Kxg1 f5 24. exf5 Rxf5 25. Ne4 Rxa2 26. b3 Rxc2 27. b4 Re5 28. Nxd6 Re1#
0-1

[Event "jhw world CC Championship"]
[Site "SchemingMind.com"]
[Date "2007.07.09"]
[Round "-"]
[White "WannaBe"]
[Black "GLADI8R"]
[Result "1/2-1/2"]
[WhiteCountry "USA"]
[BlackCountry "USA"]
[WhiteElo "1442"]
[WhiteRD "76"]
[BlackElo "1444"]
[BlackRD "109"]
[GameID "112317"]

1. e4 c5 2. Nf3 Nc6 3. d4 cxd4 4. Nxd4 Nf6 5. Nc3 d6 6. h3 e5 7. Nde2 Be7 8. Bg5 Qb6 9. Bxf6 Bxf6 10. Nd5 Qa5+
11. Nec3 Be7 12. Bc4 O-O 13. O-O Be6 14. a3 b5 15. Nxe7+ Nxe7 16. Bxe6 fxe6 17. Qxd6 Ng6 18. Qxe6+ Kh8 19. g3 Rae8 20. Qb3 Rf3
21. Qxb5 Qd8 22. Rad1 Qe7 23. Rd7 Qg5 24. Qb7 Rxg3+ 25. fxg3 Qxg3+ 26. Kh1 Qxh3+=
1/2-1/2

[Event "jhw world CC Championship"]
[Site "SchemingMind.com"]
[Date "2007.07.10"]
[Round "-"]
[White "Archon"]
[Black "GLADI8R"]
[Result "1-0"]
[WhiteCountry "CAN"]
[BlackCountry "USA"]
[WhiteElo "1706"]
[WhiteRD "57"]
[BlackElo "1444"]
[BlackRD "109"]
[GameID "112318"]

1. e4 c5 2. Nf3 Nc6 3. d4 cxd4 4. Nxd4 Nf6 5. Nc3 d6 6. Bg5 e6 7. Qd2 Be7 8. O-O-O O-O 9. f4 Nxd4 10. Qxd4 Qa5
11. Bc4 Bd7 12. Rd3 e5 13. Qe3 Rac8 14. Bb3 Rfd8 15. Nd5 Nxd5 16. Rxd5 exf4 17. Qxf4 Bxg5 18. Rxg5 Qb6 19. Qxf7+ Kh8 20. Qxg7#
1-0

[Event "jhw world CC Championship"]
[Site "SchemingMind.com"]
[Date "2007.07.11"]
[Round "-"]
[White "drunkenmaster"]
[Black "GLADI8R"]
[Result "1-0"]
[WhiteCountry "PHI"]
[BlackCountry "USA"]
[WhiteElo "1889"]
[WhiteRD "83"]
[BlackElo "1426"]
[BlackRD "97"]
[GameID "112319"]

1. e4 c5 2. f4 Nc6 3. Nf3 e6 4. Bb5 Nf6 5. Bxc6 dxc6 6. Qe2 Be7 7. O-O O-O 8. b3 b5 9. d3 a5 10. a4 Bb7
11. Bb2 Qc7 12. g3 Ng4 13. h3 Nf6 14. Nbd2 Rad8 15. Bc3 Qb6 16. Kh2 h6 17. axb5 cxb5 18. Bxa5 Qc6 19. Bxd8 Rxd8 20. Ne5 Qd6
21. Ndf3 Kh7 22. Nxf7 Qc7 23. Nxd8 Qxd8 24. Ne5 Qc7 25. Ra7 Qb6= 26. Rfa1 Qc7 27. Ng4 Nxg4+ 28. Qxg4 Bf6 29. e5 Be7 30. Qxe6 Qc6
31. Qxc6 Bxc6 32. Rxe7 Bd5 33. Raa7 b4 34. Rxg7+ Kh8 35. Rgd7 Bf3 36. Rd8#
1-0

[Event "jhw world CC Championship"]
[Site "SchemingMind.com"]
[Date "2007.07.09"]
[Round "-"]
[White "kwabena"]
[Black "GLADI8R"]
[Result "0-1"]
[WhiteCountry "ENG"]
[BlackCountry "USA"]
[WhiteElo "1553"]
[WhiteRD "80"]
[BlackElo "1444"]
[BlackRD "109"]
[GameID "112320"]

1. d4 d5 2. Bf4 Nf6 3. e3 c6 4. h3 Bf5 5. c4 e6 6. Nc3 Nbd7 7. c5 Be7 8. Nf3 O-O 9. Bd3 Bxd3 10. Qxd3 h6
11. O-O b5 12. b4 a5 13. a3 a4 14. Ne2 Ne4 15. Rac1 Ndf6 16. Ne5 Rc8 17. h4 Nh5 18. g3 Bxh4= 19. gxh4 Qxh4 20. Kg2 f5
21. Rh1 Nxf4+ 22. exf4 Qxf2+ 23. Kh3 g5 24. fxg5 hxg5 25. Ng3 g4+ 26. Kh4 Kg7 27. Qxe4 fxe4 28. Kxg4 Rf4+ 29. Kh3 Rh8+ 30. Nh5+ Rxh5#
0-1